|
|
|
|
| LEADER |
00000nam0a2200000 4500 |
| 001 |
126817 |
| 005 |
20231101220021.0 |
| 035 |
|
|
|a (RuTPU)RU\TPU\book\137182
|
| 090 |
|
|
|a 126817
|
| 100 |
|
|
|a 20071204d1979 k y0rusy50 ca
|
| 101 |
0 |
|
|a rus
|
| 102 |
|
|
|a KG
|
| 105 |
|
|
|a a z 001zy
|
| 200 |
1 |
|
|a Стратиформные месторождения цветных и редких металлов
|e сборник научных трудов
|f Фрунзенский политехнический институт, Проблемная научно-исследовательская лаборатория стратиформных месторождений цветных и редких металлов Средней Азии
|
| 210 |
|
|
|a Фрунзе
|c [Б. и.]
|d 1979
|
| 215 |
|
|
|a 164 с.
|c ил.
|
| 320 |
|
|
|a Библиография в конце статей
|
| 606 |
1 |
|
|a Рудные (металлоносные) месторождения
|2 stltpush
|3 (RuTPU)RU\TPU\subj\26025
|9 50044
|
| 610 |
1 |
|
|a стратиформные месторождения
|
| 610 |
1 |
|
|a редкие металлы
|
| 610 |
1 |
|
|a цветные металлы
|
| 610 |
1 |
|
|a происхождение
|
| 610 |
1 |
|
|a классификация
|
| 610 |
1 |
|
|a стратиформное оруденение
|
| 610 |
1 |
|
|a магматизм
|
| 610 |
1 |
|
|a СССР
|
| 610 |
1 |
|
|a Средняя Азия
|
| 610 |
1 |
|
|a Тянь-Шань
|
| 610 |
1 |
|
|a Донецкий бассейн
|
| 610 |
1 |
|
|a Северная Осетия
|
| 610 |
1 |
|
|a Енисейский кряж
|
| 610 |
1 |
|
|a Киргизия
|
| 675 |
|
|
|a 553.3/.4
|v 4
|
| 712 |
0 |
2 |
|a Фрунзенский политехнический институт
|b Проблемная научно-исследовательская лаборатория стратиформных месторождений цветных и редких металлов Средней Азии
|c (1954-1992)
|2 stltpush
|3 (RuTPU)RU\TPU\col\123
|
| 801 |
|
1 |
|a RU
|b 63413507
|c 20071204
|g PSBO
|
| 801 |
|
2 |
|a RU
|b 63413507
|c 20210813
|g PSBO
|
| 942 |
|
|
|c BK
|